Oxford student's dictionary of current English

Bibliographic Details
Main Author: Hornby, S.A (Author)
Format: Book
Language:English
Published: New York : Oxford University Press 1978
Edition:Rev and updated ed.
Subjects:

MARC

LEADER 00000cam a2200000 7i4500
001 0000018509
005 20241127.0
008 061221 nyu eng
020 |a 0194311147 (pbk) 
040 |a INS   |b eng   |e rda 
090 0 0 |a RPE1628   |b .H67 1978 
100 1 |a Hornby, S.A ,   |e author 
245 1 0 |a Oxford student's dictionary of current English   |c A. S Hornby 
250 |a Rev and updated ed. 
264 1 |a New York :   |b Oxford University Press   |c 1978 
300 |a 769 pages ;   |c 19 cm. 
336 |a text  |2 rdacontent 
337 |a unmediated  |2 rdamedia 
338 |a volume  |2 rdacarrier 
650 0 |a English language   |x Dictionaries 
650 0 |a English language   |x New words   |x Dictionaries 
999 |a 0000017921   |b BOOK   |c Open Shelf   |e Default branch